| 000 | 00527nam a22001457a 4500 | ||
|---|---|---|---|
| 003 | MACL | ||
| 005 | 20210327121023.0 | ||
| 008 | 210327b xxu||||| |||| 00| 0 eng d | ||
| 040 | _cMACL | ||
| 100 |
_aअरिहंत _980964 |
||
| 245 | _aस्टडी गाइड मध्यप्रदेश पुलिस आरक्षक जीडी भर्ती परीक्षा 2021 | ||
| 260 |
_aमेरठ _bअरिहंत _c2021 |
||
| 650 |
_aसेनिक रक्षा _980961 |
||
| 942 |
_2ddc _cHIN |
||
| 999 |
_c64176 _d64176 |
||